[Event "Titled Tuesday intern op 19th Sep Late"]
[Site "Chess.com INT"]
[Date "2023.09.19"]
[Round "4"]
[White "Grigorieva, Daria"]
[Black "Georg, Heinz"]
[Result "0-1"]
[WhiteElo "2009"]
[BlackElo "2118"]
[PlyCount "104"]
[EventDate "2023.09.19"]
[EventType "swiss (blitz)"]
[EventRounds "11"]
[EventCountry "USA"]
[SourceTitle "EXT 2024"]
[Source "ChessBase"]
[SourceDate "2023.10.10"]
[SourceVersion "1"]
[SourceVersionDate "2023.10.10"]
[SourceQuality "1"]

1. e4 e5 2. Nf3 Nc6 3. d4 exd4 4. Nxd4 Nf6 5. Nxc6 bxc6 6. e5 Qe7 7. Qe2 Nd5 8. c4 Ba6 9. b3 g6 10. Ba3 Qxa3 11. Nxa3 Bb4+ 12. Qd2 Bxd2+ 13. Kxd2 Ne7 14. Nc2 c5 15. f3 0-0 16. Bd3 f6 17. Rae1 Nc6 18. exf6 Rxf6 19. Be4 Rd6+ 20. Bd5+ Kf8 21. Kc3 Re8 22. Rxe8+ Kxe8 23. Re1+ Kf8 24. Re4 Ne7 25. Rf4+ Ke8 26. Be4 Rd1 27. Ne3 Re1 28. Ng4 g5 29. Rf6 h5 30. Nf2 d6 31. Rh6 Re2 32. Nd3 h4 33. Rh8+ Kd7 34. Ra8 Rxg2 35. f4 Rxh2 36. fxg5 Ke6 37. g6 Kf6 38. Rxa7 Bc8 39. Rxc7 Be6 40. g7 Ng8 41. Nf4 Bf7 42. Nh5+ Bxh5 43. Rc8 Bf7 44. Rf8 Kxg7 45. Rd8 h3 46. Rd7 Rf2 47. Rxd6 h2 48. Rd3 Nf6 49. Rg3+ Kf8 50. Bc6 Bd5 51. Bxd5 Nxd5+ 52. cxd5 h1Q 0-1

[Event "Titled Tuesday intern op 19th Sep Late"]
[Site "Chess.com INT"]
[Date "2023.09.19"]
[Round "6"]
[White "Sailer, Mike L"]
[Black "Grigorieva, Daria"]
[Result "1-0"]
[WhiteElo "2095"]
[BlackElo "2009"]
[PlyCount "105"]
[EventDate "2023.09.19"]
[EventType "swiss (blitz)"]
[EventRounds "11"]
[EventCountry "USA"]
[SourceTitle "EXT 2024"]
[Source "ChessBase"]
[SourceDate "2023.10.10"]
[SourceVersion "1"]
[SourceVersionDate "2023.10.10"]
[SourceQuality "1"]

1. d4 d5 2. Nc3 e6 3. Bf4 Nf6 4. Nb5 Bd6 5. Nxd6+ cxd6 6. e3 Nc6 7. Nf3 0-0 8. Be2 Re8 9. h3 e5 10. Bh2 Bf5 11. 0-0 Rc8 12. Rc1 Nb4 13. c3 Nc6 14. a3 Ne4 15. c4 dxc4 16. Bxc4 Qf6 17. dxe5 Nxe5 18. Nxe5 dxe5 19. f3 Nd6 20. Bd5 Qg6 21. Rxc8 Rxc8 22. Bxe5 Bxh3 23. f4 Nf5 24. Be4 Bg4 25. Qd3 Qh5 26. Bxb7 Rf8 27. Bf3 Ng3 28. Bxg4 Qxg4 29. Rf3 Nf5 30. b4 Nh4 31. Rf2 h5 32. b5 Rc8 33. Rc2 Nf3+ 34. Kf2 Nxe5 35. Rxc8+ Qxc8 36. fxe5 Qe6 37. a4 Qa2+ 38. Kf3 Qxa4 39. Qd8+ Kh7 40. Qd7 Qa2 41. e6 Qxe6 42. Qxe6 fxe6 43. Ke4 Kg6 44. Ke5 Kf7 45. Kd6 Kf6 46. Kc7 Ke5 47. Kb7 Ke4 48. Kxa7 Kxe3 49. b6 e5 50. b7 e4 51. b8Q Kf2 52. Qf4+ Kxg2 53. Qxe4+ 1-0

[Event "RUS GP rap"]
[Site "Serpukhov"]
[Date "2018.02.23"]
[Round "1"]
[White "Grigorieva, Daria"]
[Black "Nozdrachev, Vladislav"]
[Result "0-1"]
[WhiteElo "1976"]
[BlackElo "2485"]
[PlyCount "48"]
[EventDate "2018.02.23"]
[EventType "swiss (rapid)"]
[EventRounds "11"]
[EventCountry "RUS"]
[SourceTitle "CBM 183 Extra"]
[Source "ChessBase"]
[SourceDate "2018.04.19"]
[SourceVersion "1"]
[SourceVersionDate "2018.04.19"]
[SourceQuality "1"]

1. e4 e5 2. Nf3 Nc6 3. d4 exd4 4. Nxd4 Bc5 5. Be3 Qf6 6. c3 Nge7 7. g3 h5 8. h4 d6 9. Bg2 Ne5 10. Bg5 Qg6 11. Bxe7 Kxe7 12. 0-0 Re8 13. Nd2 Kf8 14. b4 Bb6 15. Ne2 Bg4 16. Kh2 Qh6 17. f3 Bd7 18. Nb3 g5 19. Qd2 f6 20. a4 a6 21. a5 Ba7 22. Nbd4 Kg7 23. Bh3 Bxh3 24. Kxh3 g4+ 0-1

[Event "Moscow op-F 13th"]
[Site "Moscow"]
[Date "2017.01.30"]
[Round "4"]
[White "Grigorieva, Daria"]
[Black "Shapkin, Anatoliy"]
[Result "0-1"]
[WhiteElo "1966"]
[BlackElo "2266"]
[PlyCount "60"]
[EventDate "2017.01.27"]
[EventType "swiss"]
[EventRounds "9"]
[EventCountry "RUS"]
[SourceTitle "CBM 176 Extra"]
[Source "ChessBase"]
[SourceDate "2017.03.02"]
[SourceVersion "1"]
[SourceVersionDate "2017.03.02"]
[SourceQuality "1"]

1. e4 e5 2. Nf3 Nc6 3. d4 exd4 4. Nxd4 Nf6 5. Nxc6 bxc6 6. e5 Qe7 7. Qe2 Nd5 8. c4 Ba6 9. b3 g6 10. Bb2 Bg7 11. Nd2 0-0 12. Qe4 Nb4 13. a3 d5 14. cxd5 Bxf1 15. Qxb4 Qxb4 16. axb4 Bxg2 17. Rg1 Bxd5 18. f4 Rfb8 19. Ra4 Bf8 20. Ba3 Rb7 21. Rg3 Bh6 22. Rg4 Be6 23. Rh4 Bf8 24. b5 cxb5 25. Bxf8 bxa4 26. Be7 axb3 27. Ne4 h5 28. Nf6+ Kg7 29. Nxh5+ gxh5 30. Rxh5 b2 0-1

[Event "Dvorkovich Memorial op"]
[Site "Taganrog"]
[Date "2015.01.23"]
[Round "6"]
[White "Rjabzev, Konstantin"]
[Black "Grigorieva, Daria"]
[Result "1-0"]
[WhiteElo "2312"]
[BlackElo "1951"]
[PlyCount "79"]
[EventDate "2015.01.18"]
[EventType "swiss"]
[EventRounds "9"]
[EventCountry "RUS"]
[SourceTitle "CBM 164 Extra"]
[Source "ChessBase"]
[SourceDate "2015.03.02"]
[SourceVersion "1"]
[SourceVersionDate "2015.03.02"]
[SourceQuality "1"]

1. e4 c5 2. Nf3 e6 3. g3 Nc6 4. d3 d5 5. Nbd2 Nf6 6. Bg2 Be7 7. 0-0 0-0 8. e5 Nd7 9. Re1 Qc7 10. Qe2 b6 11. Nf1 Bb7 12. c3 d4 13. c4 a6 14. h4 b5 15. b3 bxc4 16. bxc4 Rab8 17. N1h2 Nb6 18. Bf4 Na4 19. Ng5 Nc3 20. Qh5 Bxg5 21. hxg5 Nb4 22. Ng4 Kh8 23. Nf6 gxf6 24. exf6 Qd7 25. Qh6 Rg8 26. Bxb8 Bxg2 27. Kxg2 Qb7+ 28. f3 Nxd3 29. Rh1 Qb2+ 30. Kh3 Nf2+ 31. Kh4 Qxb8 32. Rh2 Ne2 33. f4 Nxf4 34. Rxf2 Rg6 35. Rxf4 Rxh6+ 36. gxh6 Qb2 37. Rh1 d3 38. Rf3 d2 39. Rd1 Qc1 40. Rb3 1-0

[Event "Dvorkovich Memorial op 8th"]
[Site "Taganrog"]
[Date "2013.07.30"]
[Round "9"]
[White "Grigorieva, Daria"]
[Black "Osipov, Adam V"]
[Result "1/2-1/2"]
[WhiteElo "1970"]
[BlackElo "2072"]
[PlyCount "79"]
[EventDate "2013.07.22"]
[EventType "swiss"]
[EventRounds "9"]
[EventCountry "RUS"]
[SourceTitle "CBM 155 Extra"]
[Source "ChessBase"]
[SourceDate "2013.08.26"]
[SourceVersion "1"]
[SourceVersionDate "2013.08.26"]
[SourceQuality "1"]

1. e4 g6 2. d4 Bg7 3. Nf3 d6 4. c4 Bg4 5. Be2 Nc6 6. Be3 e5 7. d5 Bxf3 8. Bxf3 Nd4 9. Bxd4 exd4 10. Nd2 Nf6 11. Nb3 0-0 12. 0-0 Nd7 13. Rb1 Qf6 14. Bg4 Ne5 15. Be2 Rae8 16. f4 Nd7 17. Bd3 b6 18. Qf3 Qh4 19. g3 Qh3 20. Qf2 Nc5 21. Nxc5 bxc5 22. b4 f5 23. exf5 Re3 24. Rfd1 gxf5 25. bxc5 dxc5 26. Qc2 Qh5 27. Re1 h6 28. Rxe3 dxe3 29. Rb7 Bd4 30. Qe2 Qg6 31. Kg2 Rf6 32. Rxc7 Rb6 33. Qf3 Qg4 34. Rc8+ Kf7 35. Rc7+ Ke8 36. Rc8+ Kf7 37. Rc7+ Ke8 38. Rc8+ Kf7 39. Rc7+ Ke8 40. Rc8+ 1/2-1/2

[Event "Dvorkovich Memorial op 8th"]
[Site "Taganrog"]
[Date "2013.07.29"]
[Round "8"]
[White "Prokopenko, A."]
[Black "Grigorieva, Daria"]
[Result "1-0"]
[WhiteElo "2113"]
[BlackElo "1970"]
[PlyCount "107"]
[EventDate "2013.07.22"]
[EventType "swiss"]
[EventRounds "9"]
[EventCountry "RUS"]
[SourceTitle "CBM 155 Extra"]
[Source "ChessBase"]
[SourceDate "2013.08.26"]
[SourceVersion "1"]
[SourceVersionDate "2013.08.26"]
[SourceQuality "1"]

1. d4 d5 2. g3 Nf6 3. Bg2 c6 4. Nf3 g6 5. b3 Bg7 6. Bb2 0-0 7. 0-0 Re8 8. c4 a6 9. Nbd2 Nbd7 10. Qc2 Nf8 11. Nh4 Bg4 12. Rfe1 Qd7 13. f3 Bh3 14. e4 Bxg2 15. Kxg2 Ne6 16. exd5 cxd5 17. c5 Nh5 18. Rad1 Bf6 19. Nf1 Bxh4 20. gxh4 Nef4+ 21. Kh1 e6 22. Ng3 Qd8 23. Nxh5 Nxh5 24. Qf2 Ng7 25. Bc1 Rc8 26. b4 b6 27. Bf4 h5 28. Bg5 f6 29. Bf4 Kf7 30. Rg1 Nf5 31. Rc1 bxc5 32. bxc5 e5 33. dxe5 fxe5 34. Bg5 Qd7 35. Rb1 d4 36. Rgc1 Qd5 37. Qe2 Re6 38. Qe4 Qc6 39. Rb7+ Rc7 40. Rxc7+ Qxc7 41. c6 Ne7 42. Bxe7 Kxe7 43. Qd5 Kf6 44. Rc5 Ke7 45. Kg2 Kf6 46. a4 Ke7 47. Kh1 Kf6 48. Qc4 Qc8 49. c7 Re7 50. Qd5 Re8 51. Rc6+ Kg7 52. Qe4 Re6 53. Rxe6 Qxe6 54. Qb7 1-0

[Event "Dvorkovich Memorial op 8th"]
[Site "Taganrog"]
[Date "2013.07.22"]
[Round "1"]
[White "Grigorieva, Daria"]
[Black "Mandrikin, Igor"]
[Result "0-1"]
[WhiteElo "1970"]
[BlackElo "2311"]
[PlyCount "104"]
[EventDate "2013.07.22"]
[EventType "swiss"]
[EventRounds "9"]
[EventCountry "RUS"]
[SourceTitle "CBM 155 Extra"]
[Source "ChessBase"]
[SourceDate "2013.08.26"]
[SourceVersion "1"]
[SourceVersionDate "2013.08.26"]
[SourceQuality "1"]

1. e4 c5 2. Nf3 d6 3. d4 cxd4 4. Nxd4 Nf6 5. Nc3 g6 6. f3 Bg7 7. Bc4 0-0 8. Bb3 Nc6 9. Be3 Bd7 10. Qd2 Rb8 11. Nxc6 bxc6 12. Bxa7 Ra8 13. Be3 Qc7 14. 0-0 Rfb8 15. Kh1 c5 16. Nd5 Nxd5 17. Bxd5 Ra5 18. c3 c4 19. Bd4 Bb5 20. Bxg7 Kxg7 21. Qd4+ Kg8 22. a4 Ba6 23. Rfb1 Rb3 24. e5 dxe5 25. Qd2 Qd6 26. Rd1 Kg7 27. Be4 Qxd2 28. Rxd2 f5 29. Bb1 Rb6 30. Kg1 Kf6 31. Kf2 Bb7 32. Ra3 e6 33. Ba2 Bd5 34. Bb1 Bc6 35. Ba2 Rd5 36. Re2 Rc5 37. Ke3 Ra6 38. Rd2 Rxa4 39. Rxa4 Bxa4 40. Rd8 Bc2 41. Rf8+ Kg7 42. Rb8 e4 43. Rb4 Bd3 44. Kd4 Rc8 45. Bxc4 e5+ 46. Kd5 Bxc4+ 47. Rxc4 Rd8+ 48. Kxe5 e3 49. Rc7+ Kf8 50. Kf6 Rd6+ 51. Ke5 Ra6 52. Rc8+ Ke7 0-1

[Event "Doroshkevich Memorial op"]
[Site "Sochi"]
[Date "2012.12.04"]
[Round "9"]
[White "Grigorieva, Daria"]
[Black "Baraeva, Irina"]
[Result "0-1"]
[WhiteElo "1937"]
[BlackElo "2174"]
[PlyCount "60"]
[EventDate "2012.11.26"]
[EventType "swiss"]
[EventRounds "9"]
[EventCountry "RUS"]
[SourceTitle "EXT 2014"]
[Source "ChessBase"]
[SourceDate "2013.11.20"]
[SourceVersion "1"]
[SourceVersionDate "2013.11.20"]
[SourceQuality "1"]

1. e4 c5 2. Nf3 g6 3. d4 cxd4 4. Nxd4 Bg7 5. Nc3 Nc6 6. Be3 Nf6 7. f3 0-0 8. g4 Qb6 9. Na4 Qa5+ 10. c3 d5 11. g5 Nh5 12. b4 Nxb4 13. cxb4 Qxb4+ 14. Kf2 Bd7 15. Rb1 Qxa4 16. Qxa4 Bxa4 17. exd5 Rfd8 18. Bc4 Bxd4 19. Bxd4 b5 20. Bxb5 Rxd5 21. Bxa4 Rxd4 22. Bb3 Rd2+ 23. Ke3 Rad8 24. Bc4 Ng7 25. Rbe1 Nf5+ 26. Kf4 R2d4+ 27. Re4 e5+ 28. Kxe5 Re8+ 29. Kf4 Rexe4+ 30. fxe4 Rxc4 0-1

[Event "Belorechensk Sarkisov Memorial op"]
[Site "Belorechensk"]
[Date "2012.05.28"]
[Round "6"]
[White "Shibaev, Fyodor"]
[Black "Grigorieva, Daria"]
[Result "1-0"]
[WhiteElo "2336"]
[BlackElo "1934"]
[PlyCount "65"]
[EventDate "2012.05.23"]
[EventType "swiss"]
[EventRounds "9"]
[EventCountry "RUS"]
[SourceTitle "CBM 148 Extra"]
[Source "ChessBase"]
[SourceDate "2012.06.22"]
[SourceVersion "1"]
[SourceVersionDate "2012.06.22"]
[SourceQuality "1"]

1. f4 c5 2. Nf3 d6 3. e4 g6 4. g3 Bg7 5. Bg2 Nc6 6. 0-0 Nh6 7. Nc3 0-0 8. d3 f6 9. Nd5 Nf7 10. c3 e6 11. Ne3 Ne7 12. Qb3 Qb6 13. d4 Qxb3 14. axb3 cxd4 15. Nxd4 f5 16. exf5 Nxf5 17. Nb5 Bd7 18. Nxa7 d5 19. Nxf5 gxf5 20. Be3 b5 21. b4 Rfe8 22. Bc5 Bf8 23. Ra2 Nd8 24. Rfa1 Nb7 25. Bxf8 Kxf8 26. Bf1 Ke7 27. Nc6+ Bxc6 28. Rxa8 Nd6 29. R1a7+ Bd7 30. Rxe8+ Kxe8 31. Kf2 Kd8 32. Ke3 Nc8 33. Ra8 1-0

[Event "Belorechensk Sarkisov Memorial op"]
[Site "Belorechensk"]
[Date "2012.05.27"]
[Round "5"]
[White "Grigorieva, Daria"]
[Black "Brazhnikov, Vladislav"]
[Result "1-0"]
[WhiteElo "1934"]
[BlackElo "1705"]
[PlyCount "51"]
[EventDate "2012.05.23"]
[EventType "swiss"]
[EventRounds "9"]
[EventCountry "RUS"]
[SourceTitle "CBM 148 Extra"]
[Source "ChessBase"]
[SourceDate "2012.06.22"]
[SourceVersion "1"]
[SourceVersionDate "2012.06.22"]
[SourceQuality "1"]

1. e4 c5 2. g3 g6 3. Bg2 Bg7 4. d3 e6 5. f4 Ne7 6. Nf3 Nbc6 7. 0-0 0-0 8. c3 Rb8 9. Na3 b5 10. Nc2 b4 11. d4 bxc3 12. bxc3 d5 13. e5 cxd4 14. cxd4 Ba6 15. Rf2 f6 16. exf6 Bxf6 17. Ne5 Nxe5 18. dxe5 Bg7 19. Ba3 Qd7 20. Nd4 Rfc8 21. Bxe7 Qxe7 22. Nxe6 Rb5 23. Nxg7 Kxg7 24. Bf1 Rb6 25. Bxa6 Rxa6 26. Qxd5 1-0

[Event "South FR-ch U18 Girls"]
[Site "Loo"]
[Date "2011.11.09"]
[Round "8"]
[White "Filchina, Ellina"]
[Black "Grigorieva, Daria"]
[Result "0-1"]
[WhiteElo "1893"]
[BlackElo "1925"]
[PlyCount "104"]
[EventDate "2011.11.02"]
[EventType "tourn"]
[EventRounds "9"]
[EventCountry "RUS"]
[SourceTitle "EXT 2023"]
[Source "ChessBase"]
[SourceDate "2022.10.05"]
[SourceVersion "1"]
[SourceVersionDate "2022.10.05"]
[SourceQuality "1"]

1. Nf3 Nf6 2. d4 b6 3. g3 Bb7 4. Bg2 e6 5. 0-0 d5 6. Nbd2 Be7 7. c4 0-0 8. b3 Nbd7 9. Bb2 Ne4 10. cxd5 exd5 11. Nxe4 dxe4 12. Nd2 f5 13. f3 exf3 14. Nxf3 Bd6 15. d5 f4 16. e4 fxg3 17. e5 gxh2+ 18. Kh1 Be7 19. Nxh2 Nc5 20. b4 Rxf1+ 21. Qxf1 Na4 22. Ba3 Bxd5 23. Rd1 Bxg2+ 24. Kxg2 Qe8 25. Qc4+ Qf7 26. Qc6 Qg6+ 27. Qxg6 hxg6 28. Rd7 Kf7 29. Rxc7 b5 30. Nf3 Nb6 31. Nd4 a6 32. Bc1 Nd5 33. Rd7 Rd8 34. Rxd8 Bxd8 35. a3 Bc7 36. e6+ Ke7 37. Kf3 Be5 38. Bg5+ Nf6 39. Nc6+ Kxe6 40. Bc1 Nd5 41. Ke4 Bc7 42. Nd4+ Kd6 43. Bb2 Nf6+ 44. Kd3 Kd5 45. Nf3 Ng4 46. Bxg7 Ne5+ 47. Ke2 Nxf3 48. Kxf3 Be5 49. Bf8 Bb2 50. Kg4 Bxa3 51. Kg5 Kc4 52. Kxg6 Bxb4 0-1

[Event "South FR-ch U18 Girls"]
[Site "Loo"]
[Date "2011.11.08"]
[Round "7"]
[White "Grigorieva, Daria"]
[Black "Kuanova, Ilmira"]
[Result "1-0"]
[WhiteElo "1925"]
[BlackElo "1654"]
[PlyCount "113"]
[EventDate "2011.11.02"]
[EventType "tourn"]
[EventRounds "9"]
[EventCountry "RUS"]
[SourceTitle "EXT 2023"]
[Source "ChessBase"]
[SourceDate "2022.10.05"]
[SourceVersion "1"]
[SourceVersionDate "2022.10.05"]
[SourceQuality "1"]

1. f4 b6 2. e3 Bb7 3. Nf3 d6 4. Be2 e5 5. fxe5 dxe5 6. Bb5+ c6 7. Bc4 Bd6 8. Nc3 Nf6 9. e4 Nbd7 10. d3 b5 11. Bb3 Qb6 12. Qe2 Bc5 13. h3 h6 14. g4 Rf8 15. Bd2 0-0-0 16. a4 b4 17. a5 Qc7 18. Nd1 Ba6 19. c3 Qb7 20. c4 Be7 21. Be3 Bc5 22. Nf2 Qb8 23. d4 exd4 24. Nxd4 Bxd4 25. Bxd4 c5 26. Be3 Rfe8 27. Qf3 Qe5 28. Bf4 Qe6 29. 0-0 Bb7 30. Rfe1 Nxe4 31. Nxe4 Bxe4 32. Qg3 Qc6 33. Ba4 Qb7 34. Bd6 Re6 35. Rad1 f5 36. Bxd7+ Rxd7 37. Bxc5 fxg4 38. hxg4 Qc6 39. Qf2 Rf6 40. Qe3 Rxd1 41. Rxd1 Bh1 42. Rd2 Rg6 43. Qd4 Qe8 44. Kxh1 Rf6 45. Kg2 Re6 46. Rf2 Re2 47. Qf4 Rxf2+ 48. Bxf2 Qc6+ 49. Kg3 Qd7 50. Qf8+ Kc7 51. Qxb4 Qd3+ 52. Kh2 Qf3 53. Qc5+ Kb8 54. Qxa7+ Kc8 55. Qc5+ Kb8 56. Bg3+ Kb7 57. Qb6+ 1-0

[Event "South FR-ch U18 Girls"]
[Site "Loo"]
[Date "2011.11.07"]
[Round "6"]
[White "Artiukhova, Anna"]
[Black "Grigorieva, Daria"]
[Result "0-1"]
[WhiteElo "1759"]
[BlackElo "1925"]
[PlyCount "66"]
[EventDate "2011.11.02"]
[EventType "tourn"]
[EventRounds "9"]
[EventCountry "RUS"]
[SourceTitle "EXT 2023"]
[Source "ChessBase"]
[SourceDate "2022.10.05"]
[SourceVersion "1"]
[SourceVersionDate "2022.10.05"]
[SourceQuality "1"]

1. d4 Nf6 2. Bf4 e6 3. e3 b6 4. c4 Bb7 5. Nc3 Bb4 6. a3 Bxc3+ 7. bxc3 Ne4 8. Qc2 f5 9. Bd3 0-0 10. f3 Nf6 11. Rb1 d6 12. Ne2 Nbd7 13. a4 e5 14. Bxf5 exf4 15. Nxf4 Qe7 16. Kd2 Rfe8 17. Rhe1 Nf8 18. Qb3 Kh8 19. Qc2 Bc8 20. Bd3 Ne6 21. Bxh7 Nxf4 22. exf4 Qf8 23. Bg6 Rxe1 24. Rxe1 Bd7 25. f5 d5 26. cxd5 Qd6 27. h3 Qxd5 28. Re5 Qc4 29. a5 Qf1 30. Ke3 Bb5 31. g4 Bc4 32. Qd2 Nd5+ 33. Ke4 Qb1+ 0-1

[Event "Krasnodar Region-ch (Women)"]
[Site "Krasnodar"]
[Date "2011.10.17"]
[Round "4"]
[White "Grigorieva, Daria"]
[Black "Chumarova, Karina"]
[Result "1-0"]
[WhiteElo "1916"]
[BlackElo "1892"]
[PlyCount "79"]
[EventDate "2011.10.14"]
[EventType "swiss"]
[EventRounds "8"]
[EventCountry "RUS"]
[SourceTitle "EXT 2022"]
[Source "ChessBase"]
[SourceDate "2021.10.06"]
[SourceVersion "1"]
[SourceVersionDate "2021.10.06"]
[SourceQuality "1"]

1. e4 g6 2. d4 Bg7 3. Nc3 c6 4. Be2 d6 5. Nf3 Bg4 6. h3 Bxf3 7. Bxf3 Nd7 8. Be3 Ngf6 9. Qd2 Qc7 10. g4 h5 11. g5 Nh7 12. h4 0-0-0 13. Bg2 Nb6 14. b3 Rhf8 15. 0-0-0 Kb8 16. Bh3 e6 17. f4 Qe7 18. f5 exf5 19. exf5 gxf5 20. Bxf5 Rfe8 21. Rhe1 Nf8 22. Qe2 Qc7 23. Qxh5 c5 24. Nb5 Qc6 25. Qxf7 Qxb5 26. Qxg7 cxd4 27. Bd3 Qc6 28. Qxd4 Ne6 29. Qg4 Nc5 30. Bxc5 Qxc5 31. Kb2 Nd5 32. Rxe8 Rxe8 33. Rc1 Qc3+ 34. Kb1 Rc8 35. Qe6 Qa5 36. Qxd6+ Ka8 37. a4 Rd8 38. Qe6 Qb4 39. Re1 Qa3 40. Qxd5 1-0

[Event "Krasnodar Region-ch (Women)"]
[Site "Krasnodar"]
[Date "2011.10.15"]
[Round "2"]
[White "Grigorieva, Daria"]
[Black "Gubernatorova, Lyudmila"]
[Result "0-1"]
[WhiteElo "1916"]
[BlackElo "2266"]
[PlyCount "88"]
[EventDate "2011.10.14"]
[EventType "swiss"]
[EventRounds "8"]
[EventCountry "RUS"]
[SourceTitle "EXT 2022"]
[Source "ChessBase"]
[SourceDate "2021.10.06"]
[SourceVersion "1"]
[SourceVersionDate "2021.10.06"]
[SourceQuality "1"]

1. e4 e6 2. d4 d5 3. e5 c5 4. c3 Nc6 5. Nf3 Qb6 6. a3 c4 7. Nbd2 Na5 8. Rb1 Bd7 9. g3 h6 10. Bg2 Ne7 11. Nh4 Nec6 12. f4 Be7 13. Nhf3 0-0-0 14. Qc2 Kb8 15. b4 cxb3 16. Nxb3 Nxb3 17. Rxb3 Qc7 18. 0-0 Na5 19. Rb1 Rc8 20. a4 b6 21. f5 exf5 22. Qa2 Be6 23. Bd2 Qc4 24. Qb2 Qxa4 25. Be1 Nc4 26. Qe2 Rc7 27. Rf2 Rhc8 28. Bf1 g5 29. Qd3 Qd7 30. Ra1 f4 31. Rfa2 Bf5 32. Qe2 g4 33. Nd2 f3 34. Qf2 Nxe5 35. Ba6 Rd8 36. Qe3 Bg5 37. Qf2 Nd3 38. Bxd3 Bxd3 39. Nb3 Bc4 40. Rb2 Re8 41. Kh1 Re2 42. Rxe2 fxe2 43. Rb1 Qe6 44. Qg2 Bd3 0-1

[Event "Krasnodar Region-ch (Women)"]
[Site "Krasnodar"]
[Date "2010.10.23"]
[Round "8"]
[White "Grigorieva, Daria"]
[Black "Baraeva, Marina"]
[Result "0-1"]
[WhiteElo "1932"]
[BlackElo "2126"]
[PlyCount "62"]
[EventDate "2010.10.16"]
[EventType "swiss"]
[EventRounds "9"]
[EventCountry "RUS"]
[SourceTitle "EXT 2022"]
[Source "ChessBase"]
[SourceDate "2021.10.06"]
[SourceVersion "1"]
[SourceVersionDate "2021.10.06"]
[SourceQuality "1"]

1. e4 c5 2. g3 Nc6 3. Bg2 g6 4. d3 Bg7 5. f4 e6 6. Nf3 Nge7 7. 0-0 0-0 8. c3 d5 9. e5 Qb6 10. g4 f6 11. Qe2 fxe5 12. fxe5 Qc7 13. Re1 d4 14. c4 Nb8 15. Qe4 Nec6 16. a3 Nd7 17. Bf4 Rb8 18. Nbd2 a6 19. Rab1 b5 20. Bg3 Bb7 21. Qe2 Ba8 22. cxb5 axb5 23. Rbc1 Qb6 24. Kh1 Ne7 25. Ng5 Bxg2+ 26. Qxg2 Nd5 27. Nde4 Nf4 28. Qd2 Bxe5 29. Nxc5 Nxc5 30. Rxe5 Qb7+ 31. Kg1 Nb3 0-1

[Event "Krasnodar Region-ch (Women)"]
[Site "Krasnodar"]
[Date "2010.10.17"]
[Round "2"]
[White "Fomichenko, Svetlana"]
[Black "Grigorieva, Daria"]
[Result "1/2-1/2"]
[WhiteElo "2230"]
[BlackElo "1932"]
[PlyCount "72"]
[EventDate "2010.10.16"]
[EventType "swiss"]
[EventRounds "9"]
[EventCountry "RUS"]
[SourceTitle "EXT 2022"]
[Source "ChessBase"]
[SourceDate "2021.10.06"]
[SourceVersion "1"]
[SourceVersionDate "2021.10.06"]
[SourceQuality "1"]

1. e4 e5 2. Nf3 Nf6 3. d4 exd4 4. e5 Ne4 5. Qxd4 d5 6. exd6 Nxd6 7. Bg5 Qd7 8. Bd3 Qe6+ 9. Kd1 Nc6 10. Qa4 Be7 11. Re1 Qd7 12. Nc3 f6 13. Bd2 Qg4 14. Qxg4 Bxg4 15. Nd5 Kd7 16. c4 Rae8 17. Nxe7 Rxe7 18. Rxe7+ Kxe7 19. c5 Nf7 20. Kc2 Bxf3 21. gxf3 Nd4+ 22. Kc3 Nxf3 23. Bf4 N7e5 24. Be4 c6 25. b4 g5 26. Bg3 h5 27. b5 Rd8 28. bxc6 bxc6 29. Rb1 h4 30. Bxe5 Nxe5 31. Rb7+ Rd7 32. Rb8 Rc7 33. Rh8 Ng4 34. Rh7+ Kd8 35. Rh8+ Ke7 36. Rh7+ Kd8 1/2-1/2

[Event "Krasnodar Summer"]
[Site "Krasnodar"]
[Date "2010.07.04"]
[Round "15"]
[White "Grigorieva, Daria"]
[Black "Shcheglov, Vladimir A"]
[Result "1-0"]
[WhiteElo "1922"]
[BlackElo "1820"]
[PlyCount "99"]
[EventDate "2010.05.22"]
[EventType "tourn"]
[EventRounds "15"]
[EventCountry "RUS"]
[SourceTitle "EXT 2022"]
[Source "ChessBase"]
[SourceDate "2021.10.06"]
[SourceVersion "1"]
[SourceVersionDate "2021.10.06"]
[SourceQuality "1"]

1. e4 e6 2. d4 d5 3. e5 c5 4. Nf3 cxd4 5. Nxd4 Nc6 6. f4 Nxd4 7. Qxd4 Qc7 8. Nc3 a6 9. Be3 Ne7 10. g4 h5 11. Be2 Nc6 12. Qd2 Bb4 13. gxh5 Qe7 14. 0-0-0 Bxc3 15. Qxc3 d4 16. Bxd4 Nxd4 17. Qxd4 0-0 18. Qe4 f5 19. exf6 Qxf6 20. Rdf1 Qf5 21. Qg2 Qf6 22. Bd3 Bd7 23. Qxb7 Bb5 24. Qe4 Bxd3 25. Qxd3 Rfd8 26. Qe4 Rab8 27. c3 Rdc8 28. Rf3 Rb5 29. Re1 Rcb8 30. Rf2 e5 31. Qc4+ Kh8 32. Ref1 exf4 33. Qxf4 Qxf4+ 34. Rxf4 Rxh5 35. Rf8+ Rxf8 36. Rxf8+ Kh7 37. Rf2 Rd5 38. Kc2 Kh6 39. c4 Re5 40. Kd3 Re1 41. b4 Rd1+ 42. Rd2 Rb1 43. Kc3 Kg5 44. c5 Kf5 45. c6 Ke6 46. c7 Rc1+ 47. Rc2 Rxc2+ 48. Kxc2 Kd7 49. Kd3 Kxc7 50. Ke4 1-0

[Event "Krasnodar Summer"]
[Site "Krasnodar"]
[Date "2010.07.03"]
[Round "14"]
[White "Chigrinova, Marina"]
[Black "Grigorieva, Daria"]
[Result "1/2-1/2"]
[WhiteElo "1918"]
[BlackElo "1922"]
[PlyCount "44"]
[EventDate "2010.05.22"]
[EventType "tourn"]
[EventRounds "15"]
[EventCountry "RUS"]
[SourceTitle "EXT 2022"]
[Source "ChessBase"]
[SourceDate "2021.10.06"]
[SourceVersion "1"]
[SourceVersionDate "2021.10.06"]
[SourceQuality "1"]

1. e4 c5 2. Nc3 e6 3. g3 Nf6 4. Bg2 d5 5. exd5 exd5 6. d4 c4 7. Nge2 Bb4 8. Bg5 Be6 9. 0-0 Nc6 10. Nf4 Bxc3 11. bxc3 h6 12. Bxf6 gxf6 13. Nxe6 fxe6 14. Qh5+ Kd7 15. Qf7+ Qe7 16. Qxe7+ Nxe7 17. f4 Rhg8 18. Rad1 Nf5 19. Rfe1 h5 20. Bh3 Ng7 21. Re2 f5 22. Rb1 Rab8 1/2-1/2

[Event "Krasnodar Summer"]
[Site "Krasnodar"]
[Date "2010.06.25"]
[Round "4"]
[White "Grigorieva, Daria"]
[Black "Orel, Danil"]
[Result "1-0"]
[WhiteElo "1922"]
[BlackElo "1743"]
[PlyCount "105"]
[EventDate "2010.05.22"]
[EventType "tourn"]
[EventRounds "15"]
[EventCountry "RUS"]
[SourceTitle "EXT 2022"]
[Source "ChessBase"]
[SourceDate "2021.10.06"]
[SourceVersion "1"]
[SourceVersionDate "2021.10.06"]
[SourceQuality "1"]

1. e4 e5 2. Nf3 Nf6 3. Nc3 Bb4 4. Nxe5 Qe7 5. Nf3 d5 6. e5 Bxc3 7. bxc3 Ne4 8. Bb5+ c6 9. Be2 Nd7 10. 0-0 Nxe5 11. Nxe5 Qxe5 12. Ba3 Bf5 13. Re1 0-0-0 14. Bg4 Qf4 15. Bxf5+ Qxf5 16. f3 Ng5 17. d4 h5 18. Qd2 h4 19. Be7 f6 20. Bxd8 Rxd8 21. Re3 h3 22. Rae1 Qf4 23. Qf2 Qd6 24. Qg3 Qxg3 25. hxg3 Kd7 26. gxh3 Nxh3+ 27. Kg2 Ng5 28. Re7+ Kc8 29. Rxg7 Rd7 30. Ree7 Rxe7 31. Rxe7 a5 32. g4 b5 33. Ra7 a4 34. a3 Ne6 35. Kg3 Nc7 36. Kf4 Kb8 37. Rxc7 Kxc7 38. Kf5 c5 39. dxc5 d4 40. Ke4 dxc3 41. Kd3 b4 42. axb4 a3 43. Kxc3 a2 44. Kb2 Kc6 45. Kxa2 Kd5 46. f4 Ke4 47. g5 Kf5 48. gxf6 Kxf6 49. b5 Ke6 50. b6 Kd7 51. c4 Kc6 52. f5 Kxc5 53. b7 1-0